000 00704nam a2200205 ar4500
001 5048
005 20221127091059.0
008 190919s xxu a 00110|eng d
020 _a9780470882627(pbk) :
_cSR140.00
082 0 4 _a720.284
_bG315 2010
100 1 _aGerhard, Mark.
245 1 0 _aMastering Autodesk 3ds Max Design 2011 :
_bAutodesk official training guide /
_cMark Gerhard, Jeffrey Harper.
260 _aIndianapolis, IN :
_bJohn Wiley,
_c2010.
300 _axxxii, 936 pages :
_billustrations ;
_c24 cm.
500 _aIncludes index.
650 4 _aAutodesk Revit.
650 4 _aArchitectural drawing
_xData processing.
650 4 _aComputer graphics.
700 0 _aHarper, Jeffrey M.,
_eauthor.
999 _c5046
_d5046